Financial Accounting: I- B. Com/I- Semester as per choice based credit system/ (Record no. 178262)

MARC details
000 -LEADER
fixed length control field 00926nam a22002417a 4500
005 - DATE AND TIME OF LATEST TRANSACTION
control field 20210323164649.0
010 ## - LCCN (DPL NO)
LC control number ENG-129271
020 ## - INTERNATIONAL STANDARD BOOK NUMBER
International Standard Book Number 978-93-80831-42-8
Terms of availability 298.00
035 ## - SYSTEM CONTROL NUMBER
System control number EN-112803
037 ## - SOURCE OF ACQUISITION
Source of stock number/acquisition DBAD/PUB
082 ## - DEWEY DECIMAL CLASSIFICATION NUMBER
Classification number 657.48
245 ## - TITLE STATEMENT
Title Financial Accounting: I- B. Com/I- Semester as per choice based credit system/
Statement of responsibility, etc Esampally Chandraiah, et.al.
260 ## - PUBLICATION, DISTRIBUTION, ETC. (IMPRINT)
Place of publication, distribution, etc Hyderabad
Name of publisher, distributor, etc Seven Hills International Publishers
Date of publication, distribution, etc 2017
270 ## - ADDRESS
City Hyderabad
Postal code 500038
Address 3326/C, Level-4, Surneni Nilayam, Near B K Gupta Park, S R Nagar
Telephone number 91 40 23710657, 238000657
Fax number 91 40 23810657
Electronic mail address studentshelpline.in@gmail.com
300 ## - PHYSICAL DESCRIPTION
Extent viii+360p.
Dimensions 24cm(pbk)
Other physical details Including tables.
700 ## - ADDED ENTRY--PERSONAL NAME
Personal name Chandraiah, Esampally
700 ## - ADDED ENTRY--PERSONAL NAME
Personal name J. Sangameshwar
700 ## - ADDED ENTRY--PERSONAL NAME
Personal name V. Murali Krishna
700 ## - ADDED ENTRY--PERSONAL NAME
Personal name Rao, G. Bhaskar
700 ## - ADDED ENTRY--PERSONAL NAME
Personal name K. Vijay Lakshmi
700 ## - ADDED ENTRY--PERSONAL NAME
Personal name Rao, P. Venkateshwar, Ed.
942 ## - ADDED ENTRY ELEMENTS (KOHA)
Source of classification or shelving scheme Dewey Decimal Classification
Item type English Books
Classification part 657.48
Call number suffix FIN
Holdings
Withdrawn status Lost status Not for loan Collection code Home library Current library Date acquired Source of acquisition Cost, normal purchase price Full call number Barcode Copy number Cost, replacement price Koha item type
      Non-fiction Shahdara Branch Shahdara Branch 23/03/2021 DBAD/PUB 298.00 657.48 FIN EN-112803 1 298.00 English Books

© Delhi Public Library
Hit Counter
free hit counter